MARC details
| 000 -CABECERA |
| campo de control de longitud fija |
02993nam a22002897a 4500 |
| 003 - IDENTIFICADOR DEL NÚMERO DE CONTROL |
| campo de control |
OSt |
| 005 - FECHA Y HORA DE LA ÚLTIMA TRANSACCIÓN |
| campo de control |
20251111114440.0 |
| 007 - CAMPO FIJO DE DESCRIPCIÓN FÍSICA--INFORMACIÓN GENERAL |
| campo de control de longitud fija |
cr ||||||a|c|a |
| 008 - DATOS DE LONGITUD FIJA--INFORMACIÓN GENERAL |
| campo de control de longitud fija |
230502s2020 mx a|||fom||| 001 0 spa d |
| 040 ## - FUENTE DE LA CATALOGACIÓN |
| Normas de descripción |
rda |
| 100 1# - ENTRADA PRINCIPAL--NOMBRE DE PERSONA |
| 9 (RLIN) |
186823 |
| Nombre de persona |
Hernandez Martínez, Erik |
| 245 10 - MENCIÓN DE TÍTULO |
| Título |
Composición química del zacate búfalo [Buchloe dactyliodes (Nutt.) Engelm] / |
| Mención de responsabilidad, etc. |
por Erik Hernandez Martinez; director de tesis Miguel Ángel Mata Espinosa |
| 264 #1 - PRODUCCIÓN, PUBLICACIÓN, DISTRIBUCIÓN, FABRICACIÓN Y COPYRIGHT |
| Producción, publicación, distribución, fabricación y copyright |
Chapingo, México : |
| Nombre del de productor, editor, distribuidor, fabricante |
El autor, |
| Fecha de producción, publicación, distribución, fabricación o copyright |
2020. |
| 300 ## - DESCRIPCIÓN FÍSICA |
| Extensión |
1 recurso en línea (33 páginas): |
| Otras características físicas |
ilustraciones, cuadros |
| 336 ## - TIPO DE CONTENIDO |
| Fuente |
rdacontent |
| Término de tipo de contenido |
texto |
| Código de tipo de contenido |
txt |
| 337 ## - TIPO DE MEDIO |
| Fuente |
rdamedia |
| Nombre/término del tipo de medio |
computadora |
| Código del tipo de medio |
c |
| 338 ## - TIPO DE SOPORTE |
| Fuente |
rdacarrier |
| Nombre/término del tipo de soporte |
recurso en línea |
| Código del tipo de soporte |
cr |
| 502 ## - NOTA DE TESIS |
| Tipo de título |
Ingeniería en Sistemas Pecuarios |
| Nombre de la institución que otorga el título |
Unidad Regional Universitaria de Zonas Áridas, |
| Año de obtención del título |
2020. |
| Información miscelánea |
Licenciatura |
| 504 ## - NOTA DE BIBLIOGRAFÍA, ETC. |
| Nota de bibliografía, etc. |
Incluye referencias bibliográficas: páginas 29-33 |
| 520 ## - SUMARIO, ETC. |
| Sumario, etc. |
Se evaluó la calidad forrajera de 6 variedades de zacate Búfalo [Buchloe dactyloides (Nutt.) Engelm.], y 11 híbridos interploidales (2RC10 ♀, 4B9 ♀, 4B9 ♂, 4B56 ♂, 4B56 ♀, 6B14 ♂, 6B99 ♀, 2410.56-1 ♀♂, 2410.56-2, 2410.56-3 ♀♂, 2410.56-4 ♀, 2410.56-5, 2610.14-1, 4656.14-1 ♂, 4656.14-2 y 6499.56-1♂). Los forrajes se agruparon en 3 grupos por medio de la clasificación por cluster jerárquico (dendograma). El primero conformado por los ecotipos 2RC10H, 4B9H, 4B56M y 4B9M, cuya característica es alta en materia seca y energía; en contraste son bajos en fibra detergente neutro y acido; características que son sobresalientes y que se asocian a la composición morfológica. En el segundo grupo, las variables que se han descrito en este componente mantienen una asociación positiva entre sí: 4B56H, 241056-2, 465614-1, 465614-2, 261014-1, 649956-1, 241056-4, 241056-5, siendo distintivos en producir más cantidad de proteína, así como de cenizas e intermedios en los nutrientes restantes. Finalmente, el grupo tres, caracterizado por incluir ecotipos con un contenido similar de materia seca que el grupo dos. Sin embargo, el contenido de fibra tanto detergente acido como neutro es el más alto en relación al primer y segundo grupo; perteneciendo a este grupo los ecotipos 6B14M, 6499.9, 6B99H, 241056-1, 649956-2, 241056-3 que presentan una estructura morfología con dominancia hexaploides. Bajo las condiciones del presente experimento y considerando el doble propósito del zacate Búfalo, tanto como césped y alimento forrajero; se propone utilizar alguno de los materiales genéticos que integran el grupo II, considerando que éstos tienen cantidades aceptables de proteína y energía metabolizable para mantener una producción animal aceptable. |
| 650 #4 - PUNTO DE ACCESO ADICIONAL DE MATERIA--TÉRMINO DE MATERIA |
| 9 (RLIN) |
88992 |
| Término de materia o nombre geográfico como elemento de entrada |
Plantas forrajeras |
| Subdivisión general |
Valor nutritivo |
| 650 #4 - PUNTO DE ACCESO ADICIONAL DE MATERIA--TÉRMINO DE MATERIA |
| 9 (RLIN) |
88993 |
| Término de materia o nombre geográfico como elemento de entrada |
Plantas forrajeras |
| Subdivisión general |
Variedades |
| 650 #4 - PUNTO DE ACCESO ADICIONAL DE MATERIA--TÉRMINO DE MATERIA |
| 9 (RLIN) |
133951 |
| Término de materia o nombre geográfico como elemento de entrada |
Pastos forrajeros |
| Subdivisión general |
Calidad |
| 700 1# - PUNTO DE ACCESO ADICIONAL--NOMBRE DE PERSONA |
| 9 (RLIN) |
72862 |
| Nombre de persona |
Mata Espinosa, Miguel Angel |
| Término indicativo de función/relación |
Director de tesis. |
| 856 ## - LOCALIZACIÓN Y ACCESO ELECTRÓNICOS |
| Identificador Uniforme del Recurso |
http://10.13.5.2/tesis/tl/Hernandez_Martinez_Erik.pdf |
| Nota pública |
DESCARGAR PDF |
| 942 ## - ELEMENTOS DE PUNTO DE ACCESO ADICIONAL (KOHA) |
| Fuente del sistema de clasificación o colocación |
Clasificación Universidad Autónoma Chapingo |
| Tipo de ítem Koha |
Tesis digital |